<?xml version="1.0" encoding="UTF-8"?>
<record
    xmlns:xsi="http://www.w3.org/2001/XMLSchema-instance"
    xsi:schemaLocation="http://www.loc.gov/MARC21/slim http://www.loc.gov/standards/marcxml/schema/MARC21slim.xsd"
    xmlns="http://www.loc.gov/MARC21/slim">

  <leader>01181nab a2200229   4500</leader>
  <controlfield tag="003">AR-RoBPED</controlfield>
  <controlfield tag="005">20260410091458.0</controlfield>
  <controlfield tag="008">260410b        |||||||| |||| 00| 0 spa d</controlfield>
  <datafield tag="040" ind1=" " ind2=" ">
    <subfield code="a">AR-RoBPED</subfield>
  </datafield>
  <datafield tag="041" ind1=" " ind2=" ">
    <subfield code="a">spa</subfield>
  </datafield>
  <datafield tag="100" ind1="1" ind2=" ">
    <subfield code="a">Malet, Omar</subfield>
    <subfield code="9">20726</subfield>
    <subfield code="e">Doctor en Ciencias de la Educaci&#xF3;n y m&#xE1;gister en Ense&#xF1;anza de la Matem&#xE1;tica</subfield>
  </datafield>
  <datafield tag="245" ind1="1" ind2="3">
    <subfield code="a">El ciclo de modelizaci&#xF3;n. </subfield>
    <subfield code="b">Un recurso para dise&#xF1;ar y conducir clases de Matem&#xE1;tica /</subfield>
  </datafield>
  <datafield tag="260" ind1=" " ind2=" ">
    <subfield code="a">Buenos Aires :</subfield>
    <subfield code="b">Noveduc,</subfield>
    <subfield code="c">2025</subfield>
  </datafield>
  <datafield tag="300" ind1=" " ind2=" ">
    <subfield code="a">2-8 p.</subfield>
  </datafield>
  <datafield tag="500" ind1=" " ind2=" ">
    <subfield code="a">El prop&#xF3;sito de este art&#xED;culo es contestar, desde una perspectiva cognitiva, a las siguientes preguntas: &#xBF;En qu&#xE9; consiste la modelizaci&#xF3;n matem&#xE1;tica, proceso del cual emergen los modelos matem&#xE1;ticos?&#xBF;Qu&#xE9; subprocesos supone?&#xBF;En qu&#xE9; orden se suceden estos subprocesos?&#xBF;C&#xF3;mo provocarlos?&#xBF;C&#xF3;mo iniciar a los estudiantes en ellos?</subfield>
  </datafield>
  <datafield tag="650" ind1=" " ind2="7">
    <subfield code="a">MATEMATICAS</subfield>
    <subfield code="9">21659</subfield>
  </datafield>
  <datafield tag="650" ind1=" " ind2="7">
    <subfield code="a">ESTUDIANTES</subfield>
    <subfield code="9">11380</subfield>
  </datafield>
  <datafield tag="650" ind1=" " ind2="7">
    <subfield code="a">RECURSOS DIDACTICOS</subfield>
    <subfield code="9">871</subfield>
  </datafield>
  <datafield tag="773" ind1="0" ind2=" ">
    <subfield code="0">20414</subfield>
    <subfield code="9">41869</subfield>
    <subfield code="d">Buenos Aires :  Noveduc,  1993-</subfield>
    <subfield code="t">Novedades Educativas</subfield>
    <subfield code="w">(AR-RoBPED)20414</subfield>
    <subfield code="x">03283534</subfield>
  </datafield>
  <datafield tag="942" ind1=" " ind2=" ">
    <subfield code="2">udc</subfield>
    <subfield code="c">REV</subfield>
    <subfield code="h">37(05)</subfield>
    <subfield code="m">Nov 86 N&#xB0; 401 (Abril.2025)</subfield>
    <subfield code="a">k.32544</subfield>
  </datafield>
  <datafield tag="945" ind1=" " ind2=" ">
    <subfield code="a">mar 04/2026</subfield>
  </datafield>
  <datafield tag="999" ind1=" " ind2=" ">
    <subfield code="c">32544</subfield>
    <subfield code="d">32544</subfield>
  </datafield>
</record>
